000 00439nam a22001457a 4500
020 _a9780367232023
082 _a340.59
_bKHA
100 _aKhan, Feisal
245 _aIslamic Banking in Pakistan:
_bShariah-compliant finance and the quest to make Pakistan more Islamic /
_cFeisal Khan
260 _aLondon :
_bRoutledge,
_c2015.
300 _a185 p.
563 _aPB.
650 _aLaw, Islamic Banking
_9128405
942 _2ddc
_cBK
999 _c613376
_d613376